000 00450nam a22001577a 4500
005 20250904142141.0
008 250904b |||||||| |||| 00| 0 eng d
020 _a978-93-7473-714-9
041 _aeng
100 _aKENJALE, SEEMA RAHUL
_98660
245 _aHUMAN ANATOMY & PHYSIOLOGY : Exclusive [prepared for D PHARMA [1st year students ]
260 _aDELHI
_bAITBS PUBLISHERS INDIA
_c2025
300 _a276;P
650 _aPHARMACY
942 _cBK
999 _c8787
_d8785